[Event "Atviras BTA Lietuvos RAPID2021"]
[Site "Vilnius, Lithuania"]
[Date "2021.07.17"]
[Round "9.1"]
[White "Sarakauskas, Gediminas"]
[Black "Laurusas, Tomas"]
[Result "1/2-1/2"]
[WhiteElo "2342"]
[BlackElo "2552"]
[PlyCount "24"]

1. d4 {[%emt 0:00:00]} d5 {[%emt 0:00:01]} 2. c4 {[%emt 0:00:02]} e6 {[%emt 0:
00:01]} 3. Nf3 {[%emt 0:00:05]} a6 {[%emt 0:00:01]} 4. cxd5 {[%emt 0:00:05]}
exd5 {[%emt 0:00:01]} 5. Bf4 {[%emt 0:00:09]} Bd6 {[%emt 0:00:02]} 6. Bxd6 {
[%emt 0:00:03]} Qxd6 {[%emt 0:00:01]} 7. e3 {[%emt 0:00:03]} Ne7 {[%emt 0:00:
01]} 8. Bd3 {[%emt 0:00:06]} c6 {[%emt 0:00:02]} 9. O-O {[%emt 0:00:04]} Bf5 {
[%emt 0:00:01]} 10. Bxf5 {[%emt 0:00:06]} Nxf5 {[%emt 0:00:01]} 11. Qd3 {[%emt
0:00:02]} Ne7 {[%emt 0:00:02]} 12. Nc3 {[%emt 0:00:04]} O-O {[%emt 0:00:02]}
1/2-1/2

[Event "Atviras BTA Lietuvos RAPID2021"]
[Site "Vilnius, Lithuania"]
[Date "2021.07.17"]
[Round "9.2"]
[White "Pultinevicius, Paulius"]
[Black "Vardanyan, Aras"]
[Result "1-0"]
[WhiteElo "2519"]
[BlackElo "2216"]
[PlyCount "67"]

1. Nf3 {[%emt 0:03:53]} Nf6 {[%emt 0:00:02]} 2. g3 {[%emt 0:00:00]} g6 {[%emt
0:00:15]} 3. Bg2 {[%emt 0:00:01]} Bg7 {[%emt 0:00:00]} 4. O-O {[%emt 0:00:01]}
O-O {[%emt 0:00:02]} 5. d4 {[%emt 0:00:02]} d6 {[%emt 0:00:04]} 6. c4 {[%emt 0:
00:05]} Ne4 {[%emt 0:00:01]} 7. Nbd2 {[%emt 0:00:20]} Nxd2 {[%emt 0:00:09]} 8.
Bxd2 {[%emt 0:00:02]} c5 {[%emt 0:00:06]} 9. Bc3 {[%emt 0:00:03]} Bg4 {[%emt 0:
00:09]} 10. Qd2 {[%emt 0:00:16]} Nc6 {[%emt 0:00:05]} 11. e3 {[%emt 0:00:33]}
cxd4 {[%emt 0:00:25]} 12. Nxd4 {[%emt 0:00:04]} Bd7 {[%emt 0:00:07]} 13. Rac1 {
[%emt 0:00:04]} Rc8 {[%emt 0:00:02]} 14. b3 {[%emt 0:00:03]} b6 {[%emt 0:00:19]
} 15. h3 {[%emt 0:00:04]} a6 {[%emt 0:00:10]} 16. Rfd1 {[%emt 0:00:03]} Qc7 {
[%emt 0:00:24]} 17. Nb5 {[%emt 0:00:10]} Qb8 {[%emt 0:00:09]} 18. Bxg7 {[%emt
0:00:06]} Kxg7 {[%emt 0:00:02]} 19. Nc3 {[%emt 0:00:02]} b5 {[%emt 0:00:53]}
20. c5 {[%emt 0:00:04]} b4 {[%emt 0:00:22]} 21. Ne4 {[%emt 0:00:15]} d5 {[%emt
0:00:50]} 22. Qb2+ {[%emt 0:00:01]} Kg8 {[%emt 0:00:03]} 23. Rxd5 {[%emt 0:00:
03]} Be6 {[%emt 0:00:01]} 24. Rd2 {[%emt 0:00:07]} a5 {[%emt 0:00:03]} 25. Ng5
{[%emt 0:00:08]} Nd8 {[%emt 0:01:06]} 26. c6 {[%emt 0:00:11]} Qb6 {[%emt 0:00:
07]} 27. Qd4 {[%emt 0:00:23]} Qb5 {[%emt 0:00:49]} 28. Rc5 {[%emt 0:00:04]} Qb6
{[%emt 0:00:01]} 29. Rc1 {[%emt 0:00:06]} Qb5 {[%emt 0:00:05]} 30. Qc5 {[%emt
0:00:02]} Qxc5 {[%emt 0:00:17]} 31. Rxc5 {[%emt 0:00:01]} Rc7 {[%emt 0:00:02]}
32. Rxa5 {[%emt 0:00:05]} h6 {[%emt 0:00:54]} 33. Nxe6 {[%emt 0:00:03]} Nxe6 {
[%emt 0:00:01]} 34. Rb5 {[%emt 0:00:03]} 1-0

[Event "Atviras BTA Lietuvos RAPID2021"]
[Site "Vilnius, Lithuania"]
[Date "2021.07.17"]
[Round "9.3"]
[White "Sulskis, Sarunas"]
[Black "Ziogas, Modestas"]
[Result "1-0"]
[WhiteElo "2538"]
[BlackElo "2106"]
[PlyCount "85"]

1. c4 {[%emt 0:00:13]} d5 {[%emt 0:00:02]} 2. cxd5 {[%emt 0:00:03]} Qxd5 {
[%emt 0:00:01]} 3. Nc3 {[%emt 0:00:04]} Qa5 {[%emt 0:00:01]} 4. g3 {[%emt 0:00:
21]} h5 {[%emt 0:00:01]} 5. Bg2 {[%emt 0:00:28]} h4 {[%emt 0:00:03]} 6. d4 {
[%emt 0:00:12]} Nf6 {[%emt 0:00:15]} 7. Bf4 {[%emt 0:00:32]} e6 {[%emt 0:01:28]
} 8. a3 {[%emt 0:00:28]} Bd6 {[%emt 0:00:30]} 9. b4 {[%emt 0:00:39]} Qh5 {
[%emt 0:00:48]} 10. Bxd6 {[%emt 0:01:18]} cxd6 {[%emt 0:00:02]} 11. e4 {[%emt
0:00:08]} Nbd7 {[%emt 0:00:40]} 12. Bf3 {[%emt 0:00:53]} Qg6 {[%emt 0:01:11]}
13. Nb5 {[%emt 0:00:23]} O-O {[%emt 0:00:46]} 14. Nxd6 {[%emt 0:00:13]} e5 {
[%emt 0:00:17]} 15. Nf5 {[%emt 0:00:09]} Re8 {[%emt 0:00:35]} 16. d5 {[%emt 0:
00:06]} Nb6 {[%emt 0:00:14]} 17. g4 {[%emt 0:00:44]} Bxf5 {[%emt 0:00:16]} 18.
gxf5 {[%emt 0:00:03]} Qh6 {[%emt 0:00:19]} 19. Ne2 {[%emt 0:00:21]} Nbxd5 {
[%emt 0:00:30]} 20. exd5 {[%emt 0:00:13]} e4 {[%emt 0:00:00]} 21. Bg2 {[%emt 0:
00:06]} h3 {[%emt 0:00:01]} 22. Bf1 {[%emt 0:00:19]} e3 {[%emt 0:00:02]} 23.
fxe3 {[%emt 0:01:39]} Rad8 {[%emt 0:00:09]} 24. Qd4 {[%emt 0:00:09]} Re4 {
[%emt 0:00:22]} 25. Qxa7 {[%emt 0:00:10]} Rxe3 {[%emt 0:00:22]} 26. Rg1 {[%emt
0:00:17]} Ne4 {[%emt 0:00:16]} 27. Qd4 {[%emt 0:00:17]} Nf6 {[%emt 0:00:24]}
28. d6 {[%emt 0:00:14]} Re4 {[%emt 0:00:13]} 29. Qd2 {[%emt 0:00:15]} Qh4+ {
[%emt 0:00:19]} 30. Rg3 {[%emt 0:00:03]} Nh5 {[%emt 0:00:34]} 31. Qg5 {[%emt 0:
00:31]} Nxg3 {[%emt 0:00:15]} 32. Qxh4 {[%emt 0:00:04]} Rxh4 {[%emt 0:00:03]}
33. Nxg3 {[%emt 0:00:07]} Rxd6 {[%emt 0:00:12]} 34. Rd1 {[%emt 0:00:02]} Rc6 {
[%emt 0:00:53]} 35. Rd8+ {[%emt 0:00:13]} Kh7 {[%emt 0:00:01]} 36. Bd3 {[%emt
0:00:06]} f6 {[%emt 0:00:14]} 37. Be4 {[%emt 0:00:35]} Rc3 {[%emt 0:00:16]} 38.
Bd5 {[%emt 0:00:11]} Rxa3 {[%emt 0:00:22]} 39. Bf7 {[%emt 0:00:13]} Rxg3 {
[%emt 0:00:10]} 40. hxg3 {[%emt 0:00:03]} h2 {[%emt 0:00:00]} 41. Bg6+ {[%emt
0:00:03]} Kh6 {[%emt 0:00:01]} 42. Rh8+ {[%emt 0:00:02]} Kg5 {[%emt 0:00:02]}
43. Rxh4 {[%emt 0:00:04]} 1-0

[Event "Atviras BTA Lietuvos RAPID2021"]
[Site "Vilnius, Lithuania"]
[Date "2021.07.17"]
[Round "9.4"]
[White "Indriunas, Matas"]
[Black "Limontas, Martynas"]
[Result "1-0"]
[WhiteElo "2022"]
[BlackElo "2294"]
[PlyCount "181"]

1. e4 {[%emt 0:00:01]} e6 {[%emt 0:00:06]} 2. d4 {[%emt 0:00:04]} d5 {[%emt 0:
00:00]} 3. Nd2 {[%emt 0:00:02]} Nc6 {[%emt 0:00:02]} 4. Ngf3 {[%emt 0:00:04]}
Nf6 {[%emt 0:00:00]} 5. e5 {[%emt 0:00:34]} Nd7 {[%emt 0:00:03]} 6. Be2 {[%emt
0:00:06]} f6 {[%emt 0:00:23]} 7. exf6 {[%emt 0:00:08]} Qxf6 {[%emt 0:00:02]} 8.
Nb3 {[%emt 0:00:11]} h6 {[%emt 0:00:47]} 9. O-O {[%emt 0:00:30]} Bd6 {[%emt 0:
00:02]} 10. c4 {[%emt 0:00:13]} O-O {[%emt 0:00:06]} 11. Be3 {[%emt 0:00:20]}
a5 {[%emt 0:01:04]} 12. a4 {[%emt 0:00:25]} b6 {[%emt 0:00:52]} 13. Rc1 {[%emt
0:00:13]} Bb7 {[%emt 0:00:36]} 14. cxd5 {[%emt 0:00:36]} exd5 {[%emt 0:00:03]}
15. Bd3 {[%emt 0:00:13]} Nb4 {[%emt 0:00:28]} 16. Bb1 {[%emt 0:00:02]} Rae8 {
[%emt 0:00:11]} 17. Bd2 {[%emt 0:00:32]} Re7 {[%emt 0:00:59]} 18. Bxb4 {[%emt
0:00:26]} axb4 {[%emt 0:00:02]} 19. Qd3 {[%emt 0:00:42]} g5 {[%emt 0:00:10]}
20. Rce1 {[%emt 0:00:23]} Rfe8 {[%emt 0:00:05]} 21. a5 {[%emt 0:00:50]} bxa5 {
[%emt 0:00:37]} 22. Nxa5 {[%emt 0:00:01]} Ba8 {[%emt 0:00:01]} 23. Re3 {[%emt
0:00:33]} Bf4 {[%emt 0:01:20]} 24. Rxe7 {[%emt 0:00:52]} Rxe7 {[%emt 0:00:05]}
25. g3 {[%emt 0:00:08]} Bd6 {[%emt 0:00:02]} 26. Kg2 {[%emt 0:00:05]} c5 {
[%emt 0:00:18]} 27. Qa6 {[%emt 0:00:17]} Re8 {[%emt 0:00:24]} 28. Qa7 {[%emt 0:
00:01]} Nf8 {[%emt 0:00:38]} 29. Re1 {[%emt 0:01:01]} Rxe1 {[%emt 0:01:17]} 30.
Nxe1 {[%emt 0:00:01]} Qd8 {[%emt 0:00:00]} 31. Nb7 {[%emt 0:00:15]} Bxb7 {
[%emt 0:00:40]} 32. Qxb7 {[%emt 0:00:01]} Be7 {[%emt 0:00:01]} 33. dxc5 {[%emt
0:00:09]} Bxc5 {[%emt 0:00:05]} 34. Nd3 {[%emt 0:00:02]} Be7 {[%emt 0:00:09]}
35. Nxb4 {[%emt 0:00:07]} Bxb4 {[%emt 0:00:28]} 36. Qxb4 {[%emt 0:00:01]} d4 {
[%emt 0:00:01]} 37. Qc4+ {[%emt 0:00:07]} Kg7 {[%emt 0:00:08]} 38. Be4 {[%emt
0:00:13]} Qd6 {[%emt 0:00:19]} 39. b4 {[%emt 0:00:09]} Nd7 {[%emt 0:00:14]} 40.
b5 {[%emt 0:00:29]} Nf6 {[%emt 0:00:00]} 41. Qc6 {[%emt 0:00:13]} Nxe4 {[%emt
0:00:18]} 42. Qb7+ {[%emt 0:00:22]} Kf6 {[%emt 0:00:11]} 43. Qxe4 {[%emt 0:00:
06]} d3 {[%emt 0:00:01]} 44. Qf3+ {[%emt 0:00:15]} Kg7 {[%emt 0:00:10]} 45. b6
{[%emt 0:00:16]} d2 {[%emt 0:00:09]} 46. b7 {[%emt 0:00:03]} d1=Q {[%emt 0:00:
10]} 47. Qxd1 {[%emt 0:00:03]} Qxd1 {[%emt 0:00:00]} 48. b8=Q {[%emt 0:00:02]}
Qd5+ {[%emt 0:00:02]} 49. Kg1 {[%emt 0:00:05]} Qd1+ {[%emt 0:00:02]} 50. Kg2 {
[%emt 0:00:03]} Qd5+ {[%emt 0:00:01]} 51. f3 {[%emt 0:00:05]} Qd2+ {[%emt 0:00:
02]} 52. Kh3 {[%emt 0:00:08]} h5 {[%emt 0:00:30]} 53. Qe5+ {[%emt 0:00:02]} Kg6
{[%emt 0:00:04]} 54. Qe8+ {[%emt 0:00:04]} Kh6 {[%emt 0:00:02]} 55. Qe6+ {
[%emt 0:00:07]} Kg7 {[%emt 0:00:02]} 56. Qe5+ {[%emt 0:00:15]} Kg6 {[%emt 0:00:
02]} 57. g4 {[%emt 0:00:11]} h4 {[%emt 0:00:03]} 58. Qf5+ {[%emt 0:00:08]} Kg7
{[%emt 0:00:05]} 59. Qe5+ {[%emt 0:00:10]} Kg6 {[%emt 0:00:01]} 60. Qe4+ {
[%emt 0:00:03]} Kf6 {[%emt 0:00:03]} 61. Qa8 {[%emt 0:00:34]} Kg6 {[%emt 0:00:
07]} 62. Qe4+ {[%emt 0:00:09]} Kf6 {[%emt 0:00:00]} 63. Qc4 {[%emt 0:00:07]}
Ke5 {[%emt 0:00:20]} 64. Qe4+ {[%emt 0:00:08]} Kf6 {[%emt 0:00:01]} 65. Qf5+ {
[%emt 0:00:03]} Kg7 {[%emt 0:00:02]} 66. Qb5 {[%emt 0:00:01]} Kf6 {[%emt 0:00:
03]} 67. Qf1 {[%emt 0:00:03]} Ke5 {[%emt 0:00:04]} 68. Qg2 {[%emt 0:00:07]} Qe1
{[%emt 0:00:23]} 69. Qb2+ {[%emt 0:00:06]} Ke6 {[%emt 0:00:08]} 70. Qb6+ {
[%emt 0:00:04]} Ke5 {[%emt 0:00:07]} 71. Qc7+ {[%emt 0:00:05]} Kd4 {[%emt 0:00:
04]} 72. Qd8+ {[%emt 0:00:05]} Kc4 {[%emt 0:00:03]} 73. Qxg5 {[%emt 0:00:05]}
Qf1+ {[%emt 0:00:09]} 74. Kxh4 {[%emt 0:00:01]} Qxf3 {[%emt 0:00:02]} 75. h3 {
[%emt 0:00:05]} Kd4 {[%emt 0:00:02]} 76. Qf5 {[%emt 0:00:04]} Qa8 {[%emt 0:00:
05]} 77. g5 {[%emt 0:00:05]} Ke3 {[%emt 0:00:06]} 78. Qe5+ {[%emt 0:00:05]} Kf3
{[%emt 0:00:02]} 79. Qf6+ {[%emt 0:00:04]} Ke4 {[%emt 0:00:02]} 80. Kh5 {[%emt
0:00:13]} Qb8 {[%emt 0:00:04]} 81. h4 {[%emt 0:00:03]} Qc8 {[%emt 0:00:04]} 82.
Kh6 {[%emt 0:00:03]} Kd5 {[%emt 0:00:07]} 83. h5 {[%emt 0:00:04]} Qe8 {[%emt 0:
00:07]} 84. g6 {[%emt 0:00:02]} Ke4 {[%emt 0:00:08]} 85. g7 {[%emt 0:00:11]}
Kd5 {[%emt 0:00:04]} 86. Qg6 {[%emt 0:00:04]} Qg8 {[%emt 0:00:03]} 87. Qf5+ {
[%emt 0:00:05]} Kd4 {[%emt 0:00:10]} 88. Kg6 {[%emt 0:00:10]} Kc3 {[%emt 0:00:
07]} 89. h6 {[%emt 0:00:05]} Qe8+ {[%emt 0:00:02]} 90. Kh7 {[%emt 0:00:03]} Qe7
{[%emt 0:00:04]} 91. Kh8 {[%emt 0:00:04]} 1-0

[Event "Atviras BTA Lietuvos RAPID2021"]
[Site "Vilnius, Lithuania"]
[Date "2021.07.17"]
[Round "9.5"]
[White "Sakalauskas, Vaidas"]
[Black "Juknis, Paulius"]
[Result "1-0"]
[WhiteElo "2359"]
[BlackElo "2093"]
[PlyCount "184"]

1. d4 {[%emt 0:00:00]} f5 {[%emt 0:00:03]} 2. e4 {[%emt 0:00:02]} fxe4 {[%emt
0:00:01]} 3. Nc3 {[%emt 0:00:00]} Nf6 {[%emt 0:00:01]} 4. Bg5 {[%emt 0:00:01]}
g6 {[%emt 0:00:03]} 5. f3 {[%emt 0:00:00]} d5 {[%emt 0:00:03]} 6. fxe4 {[%emt
0:00:05]} dxe4 {[%emt 0:00:15]} 7. Bc4 {[%emt 0:00:05]} Nc6 {[%emt 0:00:08]} 8.
Nge2 {[%emt 0:00:02]} Na5 {[%emt 0:00:03]} 9. Bb3 {[%emt 0:00:18]} Nxb3 {[%emt
0:00:07]} 10. axb3 {[%emt 0:00:01]} Bg7 {[%emt 0:00:10]} 11. Bxf6 {[%emt 0:00:
32]} exf6 {[%emt 0:00:04]} 12. Nxe4 {[%emt 0:00:01]} O-O {[%emt 0:00:30]} 13.
O-O {[%emt 0:00:04]} f5 {[%emt 0:01:16]} 14. N4c3 {[%emt 0:00:09]} Be6 {[%emt
0:01:11]} 15. Qd3 {[%emt 0:00:41]} Qd7 {[%emt 0:00:33]} 16. Rad1 {[%emt 0:00:
31]} c6 {[%emt 0:00:48]} 17. Kh1 {[%emt 0:00:57]} Rad8 {[%emt 0:00:27]} 18. Qf3
{[%emt 0:00:00]} Bd5 {[%emt 0:00:35]} 19. Nxd5 {[%emt 0:00:04]} Qxd5 {[%emt 0:
00:01]} 20. Qxd5+ {[%emt 0:00:20]} Rxd5 {[%emt 0:00:02]} 21. c3 {[%emt 0:00:11]
} Re8 {[%emt 0:00:19]} 22. Nf4 {[%emt 0:00:08]} Rd7 {[%emt 0:00:02]} 23. Nd3 {
[%emt 0:00:39]} Re2 {[%emt 0:00:31]} 24. Rf2 {[%emt 0:00:40]} Rde7 {[%emt 0:00:
22]} 25. Kg1 {[%emt 0:00:13]} Rxf2 {[%emt 0:01:23]} 26. Kxf2 {[%emt 0:00:02]}
Kf7 {[%emt 0:00:05]} 27. Nc5 {[%emt 0:00:39]} b6 {[%emt 0:00:04]} 28. Nd3 {
[%emt 0:00:02]} g5 {[%emt 0:00:14]} 29. b4 {[%emt 0:00:05]} h5 {[%emt 0:00:11]}
30. g3 {[%emt 0:00:10]} Bf6 {[%emt 0:01:04]} 31. Rh1 {[%emt 0:00:58]} Re4 {
[%emt 0:00:37]} 32. Ra1 {[%emt 0:00:12]} Re7 {[%emt 0:00:01]} 33. Kf3 {[%emt 0:
00:03]} Ke6 {[%emt 0:00:19]} 34. h4 {[%emt 0:00:48]} Rh7 {[%emt 0:01:01]} 35.
Re1+ {[%emt 0:00:33]} Kd6 {[%emt 0:00:10]} 36. hxg5 {[%emt 0:00:15]} Bxg5 {
[%emt 0:00:01]} 37. Re5 {[%emt 0:00:07]} Rf7 {[%emt 0:00:18]} 38. Nf4 {[%emt 0:
00:01]} h4 {[%emt 0:00:06]} 39. gxh4 {[%emt 0:00:38]} Bxh4 {[%emt 0:00:01]} 40.
Re6+ {[%emt 0:00:10]} Kd7 {[%emt 0:00:01]} 41. Rg6 {[%emt 0:00:07]} Bd8 {[%emt
0:00:08]} 42. Nd3 {[%emt 0:00:03]} Bc7 {[%emt 0:00:04]} 43. Ne5+ {[%emt 0:00:
02]} Bxe5 {[%emt 0:00:03]} 44. dxe5 {[%emt 0:00:00]} Rh7 {[%emt 0:00:07]} 45.
Kf4 {[%emt 0:00:01]} Rh2 {[%emt 0:00:16]} 46. Kxf5 {[%emt 0:00:10]} Rf2+ {
[%emt 0:00:03]} 47. Ke4 {[%emt 0:00:01]} Rxb2 {[%emt 0:00:01]} 48. Rd6+ {[%emt
0:00:28]} Kc7 {[%emt 0:00:10]} 49. Rd3 {[%emt 0:00:01]} Rf2 {[%emt 0:00:04]}
50. e6 {[%emt 0:00:01]} Re2+ {[%emt 0:00:03]} 51. Kf5 {[%emt 0:00:01]} a5 {
[%emt 0:00:08]} 52. Rd7+ {[%emt 0:00:02]} Kc8 {[%emt 0:00:01]} 53. bxa5 {[%emt
0:00:16]} bxa5 {[%emt 0:00:01]} 54. Ra7 {[%emt 0:00:01]} Re3 {[%emt 0:00:15]}
55. e7 {[%emt 0:00:24]} a4 {[%emt 0:00:11]} 56. Kf6 {[%emt 0:00:06]} Rf3+ {
[%emt 0:00:05]} 57. Ke6 {[%emt 0:00:00]} Re3+ {[%emt 0:00:01]} 58. Kd6 {[%emt
0:00:01]} Rd3+ {[%emt 0:00:02]} 59. Ke5 {[%emt 0:01:00]} Re3+ {[%emt 0:00:01]}
60. Kd4 {[%emt 0:00:01]} Re6 {[%emt 0:00:03]} 61. Kc5 {[%emt 0:00:08]} a3 {
[%emt 0:00:03]} 62. c4 {[%emt 0:00:28]} a2 {[%emt 0:00:02]} 63. Rxa2 {[%emt 0:
00:16]} Rxe7 {[%emt 0:00:01]} 64. Kb6 {[%emt 0:00:01]} Rb7+ {[%emt 0:00:07]}
65. Kc5 {[%emt 0:00:00]} Rg7 {[%emt 0:00:05]} 66. Ra6 {[%emt 0:00:10]} Rg5+ {
[%emt 0:00:07]} 67. Kb6 {[%emt 0:00:02]} c5 {[%emt 0:00:06]} 68. Ra8+ {[%emt 0:
00:05]} Kd7 {[%emt 0:00:01]} 69. Ra1 {[%emt 0:00:06]} Rg6+ {[%emt 0:00:03]} 70.
Kxc5 {[%emt 0:00:07]} Kc7 {[%emt 0:00:05]} 71. Ra7+ {[%emt 0:00:06]} Kb8 {
[%emt 0:00:01]} 72. Rd7 {[%emt 0:00:01]} Kc8 {[%emt 0:00:02]} 73. Rd6 {[%emt 0:
00:01]} Rg4 {[%emt 0:00:10]} 74. Kb5 {[%emt 0:00:11]} Kc7 {[%emt 0:00:02]} 75.
Rc6+ {[%emt 0:00:00]} Kb7 {[%emt 0:00:01]} 76. Rh6 {[%emt 0:00:01]} Rg1 {[%emt
0:00:27]} 77. Rh7+ {[%emt 0:00:05]} Kb8 {[%emt 0:00:00]} 78. c5 {[%emt 0:00:02]
} Rc1 {[%emt 0:00:05]} 79. Kb6 {[%emt 0:00:05]} Rb1+ {[%emt 0:00:04]} 80. Kc6 {
[%emt 0:00:01]} Rc1 {[%emt 0:00:01]} 81. Rh8+ {[%emt 0:00:06]} Ka7 {[%emt 0:00:
00]} 82. Rc8 {[%emt 0:00:03]} Rc2 {[%emt 0:00:04]} 83. Kd7 {[%emt 0:00:02]}
Rd2+ {[%emt 0:00:13]} 84. Kc7 {[%emt 0:00:41]} Rh2 {[%emt 0:00:02]} 85. Rd8 Ka6
{[%emt 0:00:04]} 86. c6 {[%emt 0:00:04]} Rh7+ {[%emt 0:00:03]} 87. Rd7 {[%emt
0:00:01]} Rh8 88. Rd8 {[%emt 0:00:13]} Rh7+ {[%emt 0:00:01]} 89. Kc8 {[%emt 0:
00:01]} Kb6 {[%emt 0:00:01] Kc7+ Ka6+ Kc8 Kb6 [%emt 00:00:06] Kc7+ [%emt 00:00:
08] Ka6+ [%emt 00:00:01]} 90. Rd7 Rh8+ {[%emt 0:00:10] Rd1 [%emt 00:00:08] Ka7
Rd7 [%emt 00:00:05] Ka6 [%emt 00:00:20]} 91. Rd8 {[%emt 0:00:02]} Rh7 92. Rd7
Rh8+ {[%emt 0:00:51] Rd6} 1-0

[Event "Atviras BTA Lietuvos RAPID2021"]
[Site "Vilnius, Lithuania"]
[Date "2021.07.17"]
[Round "9.6"]
[White "Eigminas, Kipras"]
[Black "Viskelis, Darius"]
[Result "1-0"]
[WhiteElo "2223"]
[BlackElo "2024"]
[PlyCount "85"]

1. e4 {[%emt 0:00:00]} e5 {[%emt 0:00:02]} 2. Nf3 {[%emt 0:00:00]} Nc6 {[%emt
0:00:00]} 3. Bb5 {[%emt 0:00:01]} Bc5 {[%emt 0:00:02]} 4. c3 {[%emt 0:00:08]}
Nf6 {[%emt 0:00:02]} 5. d3 {[%emt 0:00:51]} O-O {[%emt 0:00:06]} 6. O-O {[%emt
0:00:02]} d6 {[%emt 0:00:03]} 7. h3 {[%emt 0:00:14]} Bb6 {[%emt 0:00:15]} 8.
Nbd2 {[%emt 0:00:05]} Ne7 {[%emt 0:00:07]} 9. Nc4 {[%emt 0:00:06]} c6 {[%emt 0:
00:11]} 10. Nxb6 {[%emt 0:00:04]} axb6 {[%emt 0:00:20]} 11. Ba4 {[%emt 0:00:01]
} Ng6 {[%emt 0:00:06]} 12. Kh2 {[%emt 0:00:23]} d5 {[%emt 0:01:40]} 13. Bc2 {
[%emt 0:00:05]} Qe7 {[%emt 0:00:41]} 14. Be3 {[%emt 0:00:28]} c5 {[%emt 0:00:
47]} 15. Qe2 {[%emt 0:00:38]} Bd7 {[%emt 0:01:06]} 16. Bg5 {[%emt 0:00:11]} d4
{[%emt 0:01:34]} 17. g3 {[%emt 0:00:36]} h6 {[%emt 0:00:04]} 18. Bd2 {[%emt 0:
00:02]} Nh7 {[%emt 0:00:42]} 19. Ng1 {[%emt 0:00:05]} Rae8 {[%emt 0:01:15]} 20.
cxd4 {[%emt 0:00:10]} cxd4 {[%emt 0:00:05]} 21. a3 {[%emt 0:00:00]} f5 {[%emt
0:01:01]} 22. Bb4 {[%emt 0:00:09]} Qf6 {[%emt 0:00:01]} 23. Bb3+ {[%emt 0:00:
07]} Kh8 {[%emt 0:00:01]} 24. Bxf8 {[%emt 0:00:20]} Rxf8 {[%emt 0:00:00]} 25.
exf5 {[%emt 0:00:00]} Qxf5 {[%emt 0:00:08]} 26. Bd5 {[%emt 0:00:07]} Ng5 {
[%emt 0:00:28]} 27. Bg2 {[%emt 0:00:11]} e4 {[%emt 0:00:50]} 28. dxe4 {[%emt 0:
00:07]} Qa5 {[%emt 0:00:30]} 29. b4 {[%emt 0:00:25]} Qa4 {[%emt 0:00:02]} 30.
Qd2 {[%emt 0:00:16]} Bb5 {[%emt 0:00:02]} 31. Rfe1 {[%emt 0:00:14]} Ne5 {[%emt
0:00:09]} 32. f4 {[%emt 0:00:01]} Nc4 {[%emt 0:00:02]} 33. Qxd4 {[%emt 0:00:05]
} Ne6 {[%emt 0:00:03]} 34. Qc3 {[%emt 0:00:11]} Rc8 {[%emt 0:00:13]} 35. Nf3 {
[%emt 0:00:12]} Rc6 {[%emt 0:00:04]} 36. Ne5 {[%emt 0:00:07]} Nxe5 {[%emt 0:00:
03]} 37. Qxe5 {[%emt 0:00:01]} Qc2 {[%emt 0:00:05]} 38. Rac1 {[%emt 0:00:21]}
Qd2 {[%emt 0:00:02]} 39. Rxc6 {[%emt 0:00:03]} Bxc6 {[%emt 0:00:10]} 40. Rf1 {
[%emt 0:02:55]} Nd4 {[%emt 0:00:04]} 41. f5 {[%emt 0:00:05]} Ne2 {[%emt 0:00:
12]} 42. f6 {[%emt 0:00:13]} gxf6 {[%emt 0:00:09]} 43. Rf4 {[%emt 0:00:55]} 1-0